Pedro Urdemales y las yeguas voladoras. El conejito ayudante : cuentos criollos - Córdoba /

Hay que tener muchísimo cuidado con este Pedro, que parece tan tonto y es más vivo que todos los que le quieren tomar el pelo. Así ocurre en el primer cuento de este libro, "Pedro Urdemales y las yeguas voladoras", donde se las ingenia para que una linda tropilla desaparezca como por arte...

Descripción completa

Guardado en:
Autor Principal: Palermo, Miguel Ángel.
Otros Autores: Chiappe, Aldo; il., Arce, Guillermo; il.
Formato: Libro
Idioma:Undetermined
Publicado: Buenos Aires : Arte Gráfico, 2005.
Edición:1a ed.
Series:Cuentos y leyendas de mi país - Genios ; 12
Materias:
Etiquetas: Agregar Etiqueta
Sin Etiquetas, Sea el primero en etiquetar este registro!
LEADER 01375nam a22002655a 4500
001 CEM.cems021316
008 240731s2005####ag############000#0#und#d
005 20240731150318.0
245 1 0 |a Pedro Urdemales y las yeguas voladoras. El conejito ayudante :  |b cuentos criollos - Córdoba /  |c Selección y adaptación de Miguel Ángel Palermo ; ilustrado por Aldo Chiappe y Guillermo Arce. 
250 |a 1a ed. 
260 |a Buenos Aires :  |b Arte Gráfico,  |c 2005. 
300 |a 50 p. 
490 1 |a Cuentos y leyendas de mi país - Genios ;  |v 12 
520 |a Hay que tener muchísimo cuidado con este Pedro, que parece tan tonto y es más vivo que todos los que le quieren tomar el pelo. Así ocurre en el primer cuento de este libro, "Pedro Urdemales y las yeguas voladoras", donde se las ingenia para que una linda tropilla desaparezca como por arte de magia. En "El conejito ayudante", el segundo relato, uno tras otro van cayendo en los enredos del embrollón, que siempre se sale con la suya. 
020 |a 9507825371 
100 1 |a Palermo, Miguel Ángel. 
700 1 |a Chiappe, Aldo; il. 
700 1 |a Arce, Guillermo; il. 
653 |a Leyendas 
653 |a Mitos 
653 |a Mitos argentinos 
653 |a Leyendas argentinas 
653 |a Literatura cordobesa 
653 |a Literatura folclórica 
859 |a CEMS  |b BIB. CEMS - Inicial y Primaria  |h 398.2  |i P174-19  |k IP  |p 6881  |t Ej.1